[Event "Liga Madrileña 2010/2011 - D. Honor"]
[Site "Madrid ESP"]
[Date "2011.02.13"]
[Round "10.44"]
[White "Fernandez Garcia, Miguel Angel"]
[Black "Prieto Martin, Alfonso"]
[Result "1-0"]
[WhiteElo "2304"]
[BlackElo "2173"]
[PlyCount "97"]
[EventDate "2010.11.21"]
[EventType "team"]
[EventRounds "14"]
[EventCountry "ESP"]
[Source "lmi"]
[SourceDate "2010.11.21"]
[WhiteTeam "Amigos del Retiro"]
[BlackTeam "Leganes"]
[WhiteTeamCountry "ESP"]
[BlackTeamCountry "ESP"]

1. d4 Nf6 2. c4 e6 3. g3 d5 4. Bg2 c5 5. cxd5 Nxd5 6. Nf3 Nc6 7. O-O Be7 8.
dxc5 O-O 9. a3 Qa5 10. e4 Nf6 11. b4 Qc7 12. Qc2 e5 13. Bb2 Bg4 14. Nbd2 Rad8
15. Nb3 a5 16. b5 Nd4 17. Nfxd4 exd4 18. Nxd4 Qxc5 19. Rfc1 Qg5 20. h3 Bd7 21.
e5 Nh5 22. Qe2 b6 23. h4 Qh6 24. Nc6 Bxc6 25. Rxc6 g6 26. Bc1 Qg7 27. Bf3 Bc5
28. Bxh5 gxh5 29. Kg2 Bd4 30. Bb2 Bxb2 31. Qxb2 Rd5 32. Re1 Rfd8 33. Qe2 Rb8
34. e6 f6 35. e7 Re8 36. Rxb6 Re5 37. Qc4+ Qf7 38. Qxf7+ Kxf7 39. Rxe5 fxe5 40.
Ra6 Kxe7 41. Rxa5 Kd6 42. Ra7 Kc5 43. a4 Kb4 44. b6 e4 45. b7 Rb8 46. a5 Kb5
47. a6 Kb6 48. Ra8 Kc7 49. Kf1 1-0

[Event "Liga Madrileña 2010/2011 - D. Honor"]
[Site "Madrid ESP"]
[Date "2011.02.13"]
[Round "10.45"]
[White "Davicce Cañada, Juan Antonio"]
[Black "Vallejo Diaz, Jesus"]
[Result "0-1"]
[WhiteElo "2097"]
[BlackElo "2273"]
[PlyCount "86"]
[EventDate "2010.11.21"]
[EventType "team"]
[EventRounds "14"]
[EventCountry "ESP"]
[Source "lmi"]
[SourceDate "2010.11.21"]
[WhiteTeam "Leganes"]
[BlackTeam "Amigos del Retiro"]
[WhiteTeamCountry "ESP"]
[BlackTeamCountry "ESP"]

1. d4 Nf6 2. c4 g6 3. Nc3 Bg7 4. e4 d6 5. Be2 Nbd7 6. Nf3 e5 7. Be3 Ng4 8. Bg5
f6 9. Bh4 O-O 10. d5 a5 11. Nd2 Nh6 12. f3 Nf7 13. O-O Bh6 14. Bf2 f5 15. Qc2
b6 16. Rfd1 Nf6 17. a3 Nh5 18. g3 Ng5 19. Rf1 Nh3+ 20. Kh1 Nxf2+ 21. Rxf2 Be3
22. Rff1 Qg5 23. f4 exf4 24. Bxh5 fxg3 25. Bf3 Bxd2 26. Rg1 Bxc3 27. Qxc3 Qh4
28. Rxg3 fxe4 29. Bg2 Bf5 30. Re1 Rae8 31. Qd4 Re5 32. Qe3 Kg7 33. Rg5 h6 34.
Rg3 g5 35. Rf1 Rf7 36. Bh3 Bxh3 37. Rxf7+ Kxf7 38. Rxh3 Qf4 39. Qe2 g4 40. Rg3
h5 41. Rg1 Qf3+ 42. Rg2 Qxe2 43. Rxe2 e3 0-1

[Event "Liga Madrileña 2010/2011 - D. Honor"]
[Site "Madrid ESP"]
[Date "2011.02.13"]
[Round "10.46"]
[White "Paredes Sanchez, Juan"]
[Black "Pedrajas Estepa, Manuel"]
[Result "1-0"]
[WhiteElo "2172"]
[BlackElo "2097"]
[PlyCount "73"]
[EventDate "2010.11.21"]
[EventType "team"]
[EventRounds "14"]
[EventCountry "ESP"]
[Source "lmi"]
[SourceDate "2010.11.21"]
[WhiteTeam "Amigos del Retiro"]
[BlackTeam "Leganes"]
[WhiteTeamCountry "ESP"]
[BlackTeamCountry "ESP"]

1. e4 e5 2. Nf3 d6 3. d4 Nd7 4. Bc4 c6 5. a4 Be7 6. O-O Ngf6 7. Nc3 O-O 8. Re1
a5 9. b3 Nb6 10. Bf1 exd4 11. Nxd4 d5 12. e5 Ne8 13. Bd3 g6 14. Bh6 Ng7 15. Qc1
Re8 16. Qb2 Bg5 17. Bxg5 Qxg5 18. Re3 Ne6 19. Nxe6 Bxe6 20. Ne2 Qe7 21. f4 Qc5
22. Nd4 Nc8 23. Rae1 Ne7 24. Kh1 Reb8 25. Rg3 Kh8 26. Rf1 b5 27. axb5 cxb5 28.
Rgf3 Nf5 29. Bxf5 gxf5 30. g4 fxg4 31. Rg3 h5 32. f5 Bc8 33. e6 f6 34. Rc3 Qb4
35. Rc7 Rb7 36. e7 Bxf5 37. Nxf5 1-0

[Event "Liga Madrileña 2010/2011 - D. Honor"]
[Site "Madrid ESP"]
[Date "2011.02.20"]
[Round "11.11"]
[White "Vazquez Igarza, Renier"]
[Black "Hernandez Gallardo, Francisco Javier"]
[Result "1-0"]
[WhiteElo "2558"]
[BlackElo "2330"]
[PlyCount "71"]
[EventDate "2010.11.21"]
[EventType "team"]
[EventRounds "14"]
[EventCountry "ESP"]
[Source "lmi"]
[SourceDate "2010.11.21"]
[WhiteTeam "Collado Villalba"]
[BlackTeam "Moratalaz"]
[WhiteTeamCountry "ESP"]
[BlackTeamCountry "ESP"]

1. d4 e6 2. Nf3 Nf6 3. c4 Bb4+ 4. Bd2 Qe7 5. g3 Nc6 6. Nc3 Bxc3 7. Bxc3 Ne4 8.
Qc2 Nxc3 9. Qxc3 Qb4 10. Qxb4 Nxb4 11. Kd2 d6 12. Bg2 O-O 13. Kc3 Nc6 14. b4 e5
15. dxe5 Nxe5 16. Nxe5 dxe5 17. Rhd1 Rb8 18. Rd5 Re8 19. Rad1 Kf8 20. b5 b6 21.
R5d2 Ke7 22. Bc6 Rf8 23. a4 Be6 24. Rd7+ Bxd7 25. Rxd7+ Ke6 26. Rxc7 a5 27. e4
g6 28. c5 bxc5 29. Kc4 f5 30. Bd5+ Kd6 31. Rc6+ Ke7 32. exf5 Rxf5 33. f3 Rh5
34. h4 Kd7 35. Be6+ Ke7 36. Bg4 1-0

[Event "Liga Madrileña 2010/2011 - D. Honor"]
[Site "Madrid ESP"]
[Date "2011.02.20"]
[Round "11.12"]
[White "Serrano Salvador, Eduardo"]
[Black "Moreno Ruiz, Javier"]
[Result "0-1"]
[WhiteElo "2359"]
[BlackElo "2527"]
[PlyCount "112"]
[EventDate "2010.11.21"]
[EventType "team"]
[EventRounds "14"]
[EventCountry "ESP"]
[Source "lmi"]
[SourceDate "2010.11.21"]
[WhiteTeam "Moratalaz"]
[BlackTeam "Collado Villalba"]
[WhiteTeamCountry "ESP"]
[BlackTeamCountry "ESP"]

1. d4 e6 2. Nf3 Nf6 3. Bg5 c5 4. e3 h6 5. Bh4 cxd4 6. exd4 b6 7. c3 Bb7 8. Bd3
Be7 9. O-O O-O 10. Nbd2 d6 11. a4 a6 12. Re1 Nbd7 13. Nc4 Qc7 14. Bg3 Nh5 15.
Ne3 Nxg3 16. hxg3 Nf6 17. g4 Rfe8 18. Bb1 Bf8 19. Ba2 b5 20. d5 exd5 21. Nd4
bxa4 22. Qxa4 Qb6 23. Qc2 Rac8 24. Red1 Re5 25. Bb1 g6 26. Ra4 Rce8 27. Rb4 Qc7
28. Nf3 Re4 29. Rbd4 Qb6 30. Qa4 Bc6 31. Qa2 Rxd4 32. Nxd4 Bb7 33. Bc2 Bg7 34.
Bb3 Re5 35. Ra1 Kh7 36. Qa5 Qc5 37. Bd1 Ne4 38. Be2 Re8 39. Nb3 Qa7 40. Rf1
Nxf2 41. Rxf2 Qxe3 42. Qc7 Re7 43. Qxd6 Be5 44. Qc5 Qg3 45. Kf1 Rc7 46. Qf8 Bg7
47. Qb8 Qh2 48. Ke1 Qh1+ 49. Rf1 Qh4+ 50. Kd1 Qe7 51. Re1 Qd7 52. Kc2 d4 53. c4
Be4+ 54. Bd3 Rxc4+ 55. Kd2 Bxd3 56. Kxd3 Rc8 0-1

[Event "Liga Madrileña 2010/2011 - D. Honor"]
[Site "Madrid ESP"]
[Date "2011.02.20"]
[Round "11.13"]
[White "Ortiz Herranz, Eleazar"]
[Black "Ramirez Garcia, Jorge Alberto"]
[Result "0-1"]
[WhiteElo "2243"]
[BlackElo "2255"]
[PlyCount "116"]
[EventDate "2010.11.21"]
[EventType "team"]
[EventRounds "14"]
[EventCountry "ESP"]
[Source "lmi"]
[SourceDate "2010.11.21"]
[WhiteTeam "Collado Villalba"]
[BlackTeam "Moratalaz"]
[WhiteTeamCountry "ESP"]
[BlackTeamCountry "ESP"]

1. Nf3 Nf6 2. c4 e6 3. g3 d5 4. Bg2 dxc4 5. Qa4+ Nbd7 6. O-O a6 7. Qxc4 b5 8.
Qc2 Bb7 9. b3 c5 10. Bb2 Be7 11. a4 O-O 12. axb5 axb5 13. Nc3 Qb6 14. d3 Rfd8
15. h3 Rac8 16. Ne1 Nb8 17. Bxb7 Qxb7 18. Nb1 Nc6 19. Nd2 Nd5 20. Nef3 f6 21.
Rfc1 Nd4 22. Qd1 e5 23. e3 Nxf3+ 24. Qxf3 Qd7 25. Rd1 Nb4 26. Bc3 Nxd3 27. Ba5
Re8 28. e4 Nb4 29. Nf1 Qxh3 30. Ne3 Nc6 31. Bc3 Qe6 32. Nd5 Bf8 33. Qd3 Nd4 34.
Bxd4 exd4 35. Qxb5 Qxe4 36. Qc4 Kh8 37. Ra7 Qf3 38. Rf1 Bd6 39. Ra2 Re5 40. Nf4
Rce8 41. Ra7 Bb8 42. Rd7 Rg5 43. Qd3 Qxf4 44. Rd5 Qg4 45. Qb5 Qe6 46. Rxg5 fxg5
47. Qxc5 h6 48. b4 d3 49. Qc3 Qd5 50. Rd1 Rd8 51. Rd2 Be5 52. Qa3 Qd4 53. Kg2
Qc3 54. Qa5 Bf6 55. Rd1 d2 56. Qb5 Qb3 57. Rxd2 Rxd2 58. Qe8+ Qg8 0-1

[Event "Liga Madrileña 2010/2011 - D. Honor"]
[Site "Madrid ESP"]
[Date "2011.02.20"]
[Round "11.14"]
[White "Solaesa Navalpotro, Luis Julio"]
[Black "Cao Armillas, Jesus"]
[Result "1-0"]
[WhiteElo "2251"]
[BlackElo "2189"]
[PlyCount "85"]
[EventDate "2010.11.21"]
[EventType "team"]
[EventRounds "14"]
[EventCountry "ESP"]
[Source "lmi"]
[SourceDate "2010.11.21"]
[WhiteTeam "Moratalaz"]
[BlackTeam "Collado Villalba"]
[WhiteTeamCountry "ESP"]
[BlackTeamCountry "ESP"]

1. d4 Nf6 2. Nf3 e6 3. g3 c5 4. Bg2 Nc6 5. O-O d5 6. c4 dxc4 7. Qa4 Qa5 8. Qxc4
cxd4 9. Nxd4 Nxd4 10. Qxd4 Bc5 11. Qh4 Qb4 12. Qxb4 Bxb4 13. a3 Bd6 14. Nd2 Rb8
15. Nc4 Bc7 16. Be3 b6 17. Rfd1 O-O 18. Rac1 Ba6 19. Bf3 Rfd8 20. Rxd8+ Rxd8
21. Na5 Rd7 22. Nc6 e5 23. Nb4 Bb5 24. Bc6 Bxc6 25. Nxc6 Ng4 26. Nxa7 Nxe3 27.
fxe3 Kf8 28. Nb5 Bd8 29. Rc2 h5 30. Nc3 f5 31. e4 g6 32. exf5 gxf5 33. e4 fxe4
34. Nxe4 Rd4 35. Rd2 Rxd2 36. Nxd2 Kf7 37. Kf2 Ke6 38. Ke3 h4 39. gxh4 Bxh4 40.
Ke4 Bf2 41. Nf3 Bc5 42. Nxe5 Bd6 43. Nf3 1-0

[Event "Liga Madrileña 2010/2011 - D. Honor"]
[Site "Madrid ESP"]
[Date "2011.02.20"]
[Round "11.15"]
[White "Bote Alvarez-Carrasco, Valentin"]
[Black "Garcia Ruido, Ricardo"]
[Result "1-0"]
[WhiteElo "2183"]
[BlackElo "2067"]
[PlyCount "61"]
[EventDate "2010.11.21"]
[EventType "team"]
[EventRounds "14"]
[EventCountry "ESP"]
[Source "lmi"]
[SourceDate "2010.11.21"]
[WhiteTeam "Collado Villalba"]
[BlackTeam "Moratalaz"]
[WhiteTeamCountry "ESP"]
[BlackTeamCountry "ESP"]

1. Nf3 d5 2. d4 c5 3. c4 e6 4. cxd5 exd5 5. Nc3 Nc6 6. g3 Nf6 7. Bg2 Be7 8. O-O
O-O 9. Bg5 cxd4 10. Nxd4 h6 11. Be3 Re8 12. Qb3 Na5 13. Qc2 Bg4 14. Nf5 Bb4 15.
Bd4 Bxc3 16. Bxc3 Rxe2 17. Qd3 Re6 18. Ne3 d4 19. Qxd4 Qxd4 20. Bxd4 Be2 21.
Rfe1 Bd3 22. Rad1 Bg6 23. Bc3 Nc6 24. Bxf6 Rxf6 25. Rd7 Ne5 26. Rxb7 Nf3+ 27.
Bxf3 Rxf3 28. Nd5 Bc2 29. Nf4 g5 30. Kg2 g4 31. h3 1-0

[Event "Liga Madrileña 2010/2011 - D. Honor"]
[Site "Madrid ESP"]
[Date "2011.02.20"]
[Round "11.16"]
[White "Cobo Diego, Fidel"]
[Black "San Juan Rodriguez, Miguel"]
[Result "1/2-1/2"]
[WhiteElo "2060"]
[BlackElo "2076"]
[PlyCount "51"]
[EventDate "2010.11.21"]
[EventType "team"]
[EventRounds "14"]
[EventCountry "ESP"]
[Source "lmi"]
[SourceDate "2010.11.21"]
[WhiteTeam "Moratalaz"]
[BlackTeam "Collado Villalba"]
[WhiteTeamCountry "ESP"]
[BlackTeamCountry "ESP"]

1. e4 e5 2. Nf3 Nf6 3. Nxe5 d6 4. Nf3 Nxe4 5. Nc3 Nf6 6. d4 Be7 7. Bd3 O-O 8.
h3 c6 9. O-O Na6 10. a3 Nc7 11. Ne2 b5 12. b3 Re8 13. c4 a6 14. Qc2 Bd7 15. Ng3
g6 16. Bb2 Ne6 17. Ne2 Bf8 18. Rfe1 Rc8 19. a4 Nh5 20. axb5 axb5 21. Qd2 Qb6
22. Bc3 Bg7 23. Ba5 Qb8 24. Bc3 Qb6 25. Ba5 Qb8 26. Bc3 1/2-1/2

[Event "Liga Madrileña 2010/2011 - D. Honor"]
[Site "Madrid ESP"]
[Date "2011.02.20"]
[Round "11.21"]
[White "Candela Perez, Jose"]
[Black "Almagro Llamas, Pablo"]
[Result "1-0"]
[WhiteElo "2399"]
[BlackElo "2472"]
[PlyCount "83"]
[EventDate "2010.11.21"]
[EventType "team"]
[EventRounds "14"]
[EventCountry "ESP"]
[Source "lmi"]
[SourceDate "2010.11.21"]
[WhiteTeam "Leganes"]
[BlackTeam "Virgen de Atocha"]
[WhiteTeamCountry "ESP"]
[BlackTeamCountry "ESP"]

1. d4 Nf6 2. c4 e6 3. Nc3 Bb4 4. Nf3 b6 5. Bg5 h6 6. Bh4 Bb7 7. Qd3 g5 8. Bg3
Ne4 9. Nd2 Bxc3 10. bxc3 Nxg3 11. Qxg3 d6 12. h4 Rg8 13. hxg5 Qxg5 14. Qd3 Nd7
15. e4 O-O-O 16. g3 f5 17. Rh4 Nf6 18. Nf3 Qg7 19. exf5 e5 20. Nd2 Rge8 21.
O-O-O d5 22. c5 Ne4 23. Nxe4 dxe4 24. Rxe4 bxc5 25. Re3 exd4 26. Rxe8 Rxe8 27.
cxd4 Rd8 28. Qe3 cxd4 29. Qe6+ Kb8 30. f6 Qg5+ 31. Rd2 Qc5+ 32. Qc4 Qe5 33. f7
Qf6 34. Qb3 Ka8 35. Bc4 a6 36. Qa4 d3 37. Kb1 Ka7 38. Qa5 Rb8 39. Qc5+ Ka8 40.
Bb3 Qf3 41. Kb2 Bd5 42. f8=Q 1-0

[Event "Liga Madrileña 2010/2011 - D. Honor"]
[Site "Madrid ESP"]
[Date "2011.02.20"]
[Round "11.22"]
[White "Martinez Martin, David"]
[Black "Reyes Larenas, Juan"]
[Result "0-1"]
[WhiteElo "2398"]
[BlackElo "2435"]
[PlyCount "68"]
[EventDate "2010.11.21"]
[EventType "team"]
[EventRounds "14"]
[EventCountry "ESP"]
[Source "lmi"]
[SourceDate "2010.11.21"]
[WhiteTeam "Virgen de Atocha"]
[BlackTeam "Leganes"]
[WhiteTeamCountry "ESP"]
[BlackTeamCountry "ESP"]

1. d4 Nf6 2. c4 g6 3. Nc3 Bg7 4. e4 d6 5. Nf3 O-O 6. Be2 Bg4 7. Be3 Nfd7 8. Rc1
a6 9. c5 dxc5 10. dxc5 Nc6 11. O-O Bxf3 12. Bxf3 e5 13. Nd5 Re8 14. Qa4 Nd4 15.
Bxd4 exd4 16. c6 bxc6 17. Rxc6 Ne5 18. Rxc7 Nxf3+ 19. gxf3 Be5 20. Rfc1 Qh4 21.
Qd7 Qxh2+ 22. Kf1 Rf8 23. Rc8 d3 24. Rxf8+ Kxf8 25. Qe7+ Kg8 26. Ke1 d2+ 27.
Kxd2 Qxf2+ 28. Kd3 Qxf3+ 29. Kd2 Qf2+ 30. Kd3 Qd4+ 31. Ke2 Qxe4+ 32. Ne3 Qd4
33. b3 Bf6 34. Qb7 Re8 0-1

[Event "Liga Madrileña 2010/2011 - D. Honor"]
[Site "Madrid ESP"]
[Date "2011.02.20"]
[Round "11.23"]
[White "Arribas Lopez, Angel"]
[Black "Rabadan Velasco, Raul"]
[Result "1/2-1/2"]
[WhiteElo "2439"]
[BlackElo "2350"]
[PlyCount "83"]
[EventDate "2010.11.21"]
[EventType "team"]
[EventRounds "14"]
[EventCountry "ESP"]
[Source "lmi"]
[SourceDate "2010.11.21"]
[WhiteTeam "Virgen de Atocha"]
[BlackTeam "Leganes"]
[WhiteTeamCountry "ESP"]
[BlackTeamCountry "ESP"]

1. e4 e5 2. f4 d5 3. exd5 e4 4. Nc3 Nf6 5. Qe2 Qe7 6. d3 Bf5 7. dxe4 Nxe4 8.
Nb5 Na6 9. Nf3 O-O-O 10. Ne5 Kb8 11. Nd4 Qb4+ 12. c3 Nxc3 13. bxc3 Qxc3+ 14.
Qd2 Qxa1 15. Bxa6 Rxd5 16. Ndc6+ bxc6 17. Nxc6+ Ka8 18. Qxd5 Qxc1+ 19. Ke2 Qc2+
20. Kf3 Qc3+ 21. Ke2 Bg4+ 22. Kf2 Qc5+ 23. Qxc5 Bxc5+ 24. Kg3 Bd7 25. Ne5 Be6
26. Rb1 Rb8 27. Bb5 Rb6 28. Bc6+ Kb8 29. Nd7+ Bxd7 30. Rxb6+ Bxb6 31. Bxd7 c5
32. Bb5 Kc7 33. Bc4 f6 34. Bg8 Kc6 35. a4 Bc7 36. Kf3 Kb6 37. Bxh7 Ka5 38. Bc2
Kb4 39. Ke2 Kc3 40. Kd1 Bxf4 41. h3 g5 42. Bb1 1/2-1/2

[Event "Liga Madrileña 2010/2011 - D. Honor"]
[Site "Madrid ESP"]
[Date "2011.02.20"]
[Round "11.24"]
[White "Rudolf, Anna"]
[Black "Taboas Rodriguez, Daniel"]
[Result "1/2-1/2"]
[WhiteElo "2347"]
[BlackElo "2366"]
[PlyCount "115"]
[EventDate "2010.11.21"]
[EventType "team"]
[EventRounds "14"]
[EventCountry "ESP"]
[Source "lmi"]
[SourceDate "2010.11.21"]
[WhiteTeam "Virgen de Atocha"]
[BlackTeam "Leganes"]
[WhiteTeamCountry "ESP"]
[BlackTeamCountry "ESP"]

1. e4 e6 2. d4 d5 3. Nd2 a6 4. Ngf3 c5 5. exd5 exd5 6. dxc5 Bxc5 7. Bd3 Nf6 8.
O-O O-O 9. h3 Nc6 10. c3 Bb6 11. Nb3 Ne4 12. Bf4 Qf6 13. Bh2 Re8 14. Bc2 Bf5
15. Nbd4 Bg6 16. Ba4 Re7 17. Nxc6 bxc6 18. Nd4 Rc8 19. Qg4 Ree8 20. Rad1 Nc5
21. Bc2 h5 22. Qf4 Qxf4 23. Bxf4 Bxc2 24. Nxc2 Na4 25. Be3 Bxe3 26. Nxe3 Nxb2
27. Rd2 Na4 28. c4 dxc4 29. Nxc4 Rcd8 30. Rc2 c5 31. Rb1 Rd4 32. g3 h4 33. g4
g6 34. Kg2 Ree4 35. Nb6 Rf4 36. Rb3 Kg7 37. a3 a5 38. Nxa4 Rxa4 39. Rxc5 Rfc4
40. Rcb5 Rf4 41. Rd5 Rf6 42. Rdd3 Raf4 43. Rf3 a4 44. Rbc3 Kf8 45. Rxf4 Rxf4
46. Re3 Kg7 47. Kf1 Kf6 48. Ke2 Kg5 49. Re7 f5 50. gxf5 Kxf5 51. Rf7+ Ke5 52.
Rg7 Kf6 53. Rc7 g5 54. Ke3 Ke5 55. Rc5+ Kf6 56. Rc6+ Ke5 57. Rc5+ Kf6 58. Rc6+
1/2-1/2

[Event "Liga Madrileña 2010/2011 - D. Honor"]
[Site "Madrid ESP"]
[Date "2011.02.20"]
[Round "11.25"]
[White "Prieto Martin, Alfonso"]
[Black "Perez de Aranda Alonso, Leonardo"]
[Result "1/2-1/2"]
[WhiteElo "2173"]
[BlackElo "2161"]
[PlyCount "63"]
[EventDate "2010.11.21"]
[EventType "team"]
[EventRounds "14"]
[EventCountry "ESP"]
[Source "lmi"]
[SourceDate "2010.11.21"]
[WhiteTeam "Leganes"]
[BlackTeam "Virgen de Atocha"]
[WhiteTeamCountry "ESP"]
[BlackTeamCountry "ESP"]

1. c4 c5 2. Nf3 b6 3. g3 Bb7 4. Bg2 g6 5. O-O Bg7 6. Nc3 Nf6 7. e3 O-O 8. d4
cxd4 9. exd4 Qc8 10. Qe2 d5 11. b3 dxc4 12. bxc4 Nc6 13. Be3 Na5 14. Nd2 Bxg2
15. Kxg2 Qa6 16. Rfc1 Rac8 17. a4 Rfd8 18. Nb5 Qb7+ 19. f3 Ng4 20. Bg1 a6 21.
Nc3 e6 22. Nce4 Bxd4 23. Bxd4 Rxd4 24. fxg4 f5 25. Qe3 Rxd2+ 26. Qxd2 Qxe4+ 27.
Kg1 Nb3 28. Qd7 Qe3+ 29. Kg2 Qe2+ 30. Kg1 Qe3+ 31. Kg2 Qe2+ 32. Kg1 1/2-1/2

[Event "Liga Madrileña 2010/2011 - D. Honor"]
[Site "Madrid ESP"]
[Date "2011.02.20"]
[Round "11.26"]
[White "Suarez Triguero, Jose Alfonso"]
[Black "Davicce Cañada, Juan Antonio"]
[Result "1-0"]
[WhiteElo "2073"]
[BlackElo "2097"]
[PlyCount "133"]
[EventDate "2010.11.21"]
[EventType "team"]
[EventRounds "14"]
[EventCountry "ESP"]
[Source "lmi"]
[SourceDate "2010.11.21"]
[WhiteTeam "Virgen de Atocha"]
[BlackTeam "Leganes"]
[WhiteTeamCountry "ESP"]
[BlackTeamCountry "ESP"]

1. e4 c6 2. d4 d5 3. exd5 cxd5 4. Bd3 Nc6 5. c3 Nf6 6. h3 e5 7. dxe5 Nxe5 8.
Nf3 Bd6 9. Nxe5 Bxe5 10. O-O O-O 11. Nd2 Qc7 12. Nf3 Bf4 13. Re1 Bd7 14. Bxf4
Qxf4 15. Qd2 Qxd2 16. Nxd2 Rfe8 17. Rxe8+ Rxe8 18. Nf3 g6 19. Nd4 Nh5 20. Bf1
Nf4 21. h4 Ne6 22. Nxe6 Rxe6 23. Rd1 Bc6 24. f3 h5 25. Kf2 Kf8 26. g3 Ke7 27.
Rd4 Kd6 28. Bg2 Bb5 29. Bf1 Bxf1 30. Kxf1 Re7 31. Kf2 f5 32. c4 Kc5 33. Rxd5+
Kxc4 34. Rd6 Rg7 35. Ke3 Kc5 36. Rd2 Kc6 37. Kf4 Re7 38. Kg5 Re6 39. Rd8 Re3
40. Rg8 Rxf3 41. Rxg6+ Kc7 42. Kxh5 f4 43. g4 Rf2 44. Rf6 Rxb2 45. g5 Kd7 46.
Rxf4 Rxa2 47. g6 Rg2 48. Rf7+ Ke6 49. Rxb7 a5 50. Ra7 Kf6 51. Rxa5 Rh2 52. Ra6+
Kg7 53. Ra7+ Kg8 54. Kg5 Rb2 55. Rc7 Rb4 56. h5 Rb5+ 57. Kh6 Rb8 58. Rg7+ Kh8
59. Rf7 Kg8 60. Kg5 Rb5+ 61. Rf5 Rb1 62. Ra5 Rb8 63. h6 Rc8 64. Ra6 Rb8 65. h7+
Kg7 66. Ra7+ Kh8 67. Kh6 1-0

[Event "Liga Madrileña 2010/2011 - D. Honor"]
[Site "Madrid ESP"]
[Date "2011.02.20"]
[Round "11.31"]
[White "Herraiz Hidalgo, Herminio"]
[Black "Adan Bermudez, Sergio"]
[Result "1/2-1/2"]
[WhiteElo "2494"]
[BlackElo "2264"]
[PlyCount "85"]
[EventDate "2010.11.21"]
[EventType "team"]
[EventRounds "14"]
[EventCountry "ESP"]
[Source "lmi"]
[SourceDate "2010.11.21"]
[WhiteTeam "Vallecas CDV"]
[BlackTeam "Pueblo Nuevo"]
[WhiteTeamCountry "ESP"]
[BlackTeamCountry "ESP"]

1. Nf3 Nf6 2. c4 d6 3. d4 c6 4. Nc3 Bf5 5. Nh4 Bg6 6. Nxg6 hxg6 7. g3 e5 8. Bg2
Qb6 9. e3 Nbd7 10. O-O Be7 11. Rb1 a5 12. a3 Qa6 13. b3 O-O 14. Re1 Rfd8 15.
Qe2 Nb6 16. Bf1 Bf8 17. Bb2 exd4 18. exd4 a4 19. Qd1 axb3 20. Qxb3 Na4 21. Nxa4
Qxa4 22. Qxa4 Rxa4 23. Bc1 d5 24. cxd5 cxd5 25. Rxb7 Rxd4 26. Bb5 Re4 27. Rd1
Bc5 28. Kg2 Re6 29. f3 d4 30. Bc4 Nd5 31. Bg5 f6 32. Rb5 Rc6 33. Bd2 Kh7 34.
Bxd5 Rxd5 35. Bb4 Re5 36. Rxc5 Rcxc5 37. Bxc5 Rxc5 38. a4 Rc4 39. Ra1 Rc2+ 40.
Kh3 d3 41. a5 d2 42. Rd1 Ra2 43. a6 1/2-1/2

[Event "Liga Madrileña 2010/2011 - D. Honor"]
[Site "Madrid ESP"]
[Date "2011.02.20"]
[Round "11.32"]
[White "Barez Menendez, Hector"]
[Black "Enjuto Velasco, Roberto"]
[Result "1/2-1/2"]
[WhiteElo "2168"]
[BlackElo "2184"]
[PlyCount "125"]
[EventDate "2010.11.21"]
[EventType "team"]
[EventRounds "14"]
[EventCountry "ESP"]
[Source "lmi"]
[SourceDate "2010.11.21"]
[WhiteTeam "Pueblo Nuevo"]
[BlackTeam "Vallecas CDV"]
[WhiteTeamCountry "ESP"]
[BlackTeamCountry "ESP"]

1. Nf3 Nf6 2. c4 e6 3. d4 d5 4. Nc3 Be7 5. cxd5 exd5 6. Bg5 c6 7. Qc2 Nbd7 8.
e3 O-O 9. Bd3 Re8 10. O-O Nf8 11. Rab1 g6 12. b4 a6 13. a4 Ne6 14. Bh4 Ng7 15.
b5 axb5 16. axb5 Bf5 17. Bxf5 Nxf5 18. Bxf6 Bxf6 19. bxc6 bxc6 20. Na4 Ra6 21.
Nc5 Ra7 22. Nd3 Rc7 23. Rb6 Qa8 24. Qc3 Nd6 25. Ra1 Qc8 26. Nc5 Nc4 27. Rba6
Be7 28. Nd3 Bd6 29. Nd2 Nxd2 30. Qxd2 Qd7 31. Rc1 h5 32. h3 Rec8 33. Nc5 Bxc5
34. Rxc5 Qe6 35. Qc2 Qd7 36. Rca5 Kg7 37. Qc5 Kg8 38. Ra7 Rxa7 39. Rxa7 Rc7 40.
Ra8+ Rc8 41. Rxc8+ Qxc8 42. Qe7 Qa6 43. Kh2 Qe2 44. Kg3 Qc2 45. f3 Kg7 46. Qe5+
Kg8 47. Qf6 Kf8 48. Qh8+ Ke7 49. Qe5+ Kd7 50. Kf4 Kc8 51. e4 dxe4 52. Qxe4
Qxe4+ 53. Kxe4 g5 54. h4 f6 55. Kd3 Kd7 56. g3 Ke6 57. Ke3 Kd6 58. Kd3 gxh4 59.
gxh4 c5 60. dxc5+ Kxc5 61. Ke3 Kd6 62. Kf4 Ke6 63. Kg3 1/2-1/2

[Event "Liga Madrileña 2010/2011 - D. Honor"]
[Site "Madrid ESP"]
[Date "2011.02.20"]
[Round "11.33"]
[White "Gonzalez Mateos, Rafael"]
[Black "Baigorri Navarro, Francisco Javier"]
[Result "1/2-1/2"]
[WhiteElo "2197"]
[BlackElo "2149"]
[PlyCount "56"]
[EventDate "2010.11.21"]
[EventType "team"]
[EventRounds "14"]
[EventCountry "ESP"]
[Source "lmi"]
[SourceDate "2010.11.21"]
[WhiteTeam "Vallecas CDV"]
[BlackTeam "Pueblo Nuevo"]
[WhiteTeamCountry "ESP"]
[BlackTeamCountry "ESP"]

1. d4 Nf6 2. c3 e6 3. Bg5 d5 4. Nd2 Be7 5. Ngf3 Nfd7 6. Bf4 c5 7. e3 Nc6 8. Bd3
Nf6 9. Ne5 Nxe5 10. Bxe5 O-O 11. O-O b6 12. Qc2 h6 13. Rad1 Bb7 14. e4 cxd4 15.
Bxd4 dxe4 16. Nxe4 Nxe4 17. Bxe4 Qc8 18. Rd2 Rd8 19. g3 b5 20. Rfd1 Bd5 21.
Bxd5 Rxd5 22. Be3 Rxd2 23. Rxd2 Qc6 24. Qd1 a5 25. Qg4 Kh7 26. Qd1 Kg8 27. Qg4
Kh7 28. Qd1 Kg8 1/2-1/2

[Event "Liga Madrileña 2010/2011 - D. Honor"]
[Site "Madrid ESP"]
[Date "2011.02.20"]
[Round "11.34"]
[White "Fernandez Lledo, Javier"]
[Black "Pastor Alonso de Prado, Alberto"]
[Result "1/2-1/2"]
[WhiteElo "2138"]
[BlackElo "2176"]
[PlyCount "52"]
[EventDate "2010.11.21"]
[EventType "team"]
[EventRounds "14"]
[EventCountry "ESP"]
[Source "lmi"]
[SourceDate "2010.11.21"]
[WhiteTeam "Pueblo Nuevo"]
[BlackTeam "Vallecas CDV"]
[WhiteTeamCountry "ESP"]
[BlackTeamCountry "ESP"]

1. e4 e5 2. Nf3 Nc6 3. d4 exd4 4. Nxd4 d6 5. Be3 Nf6 6. Nc3 Be7 7. Be2 O-O 8.
Qd2 Ng4 9. Bxg4 Bxg4 10. h3 Bd7 11. O-O-O Re8 12. f4 Bf6 13. g4 Nxd4 14. Bxd4
Bxd4 15. Qxd4 Bc6 16. h4 Qf6 17. Qxf6 gxf6 18. Rhe1 Re7 19. Nd5 Bxd5 20. exd5
Rae8 21. Kd2 Kg7 22. Rxe7 Rxe7 23. Re1 Rxe1 24. Kxe1 f5 25. g5 Kg6 26. Kf2 Kh5
1/2-1/2